[Event "Scarborough CC Falling Leaves"]
[Site "Toronto CAN"]
[Date "2009.12.10"]
[Round "6"]
[White "Farhang, Arvin"]
[Black "Rutherdale, William"]
[Result "0-1"]
[WhiteElo "1599"]
[BlackElo "1772"]
[PlyCount "128"]
[GameId "2160767910096058"]
[EventDate "2009.11.05"]
[EventType "swiss"]
[EventRounds "7"]
[EventCountry "CAN"]
[SourceTitle "EXT 2011"]
[Source "ChessBase"]
[SourceDate "2011.11.26"]
[SourceVersion "1"]
[SourceVersionDate "2011.11.26"]
[SourceQuality "1"]

1. d4 d5 2. c4 c6 3. Nc3 Nf6 4. Nf3 Bf5 5. Bg5 e6 6. e3 Be7 7. Rc1 Nbd7 8. cxd5 cxd5 9. Bb5 O-O 10. O-O Rc8 11. Qa4 a6 12. Bxd7 Nxd7 13. Bxe7 Qxe7 14. Rfe1 Nb6 15. Qd1 Qb4 16. Qb3 Qxb3 17. axb3 Rc7 18. Na4 Na8 19. Rxc7 Nxc7 20. Rc1 Nb5 21. Ne5 f6 22. Nd7 Rd8 23. Ndb6 e5 24. dxe5 fxe5 25. Nc3 Nxc3 26. bxc3 Rd6 27. Na4 Rc6 28. c4 b5 29. Nb2 dxc4 30. bxc4 Be6 31. c5 a5 32. f3 a4 33. Nd3 Bc4 34. Nxe5 Rxc5 35. Nd3 Rc8 36. Nb4 Kf7 37. Kf2 Ke6 38. e4 Kd6 39. Ke3 Kc5 40. Nd3+ Kb6 41. e5 Rd8 42. Nb4 Kc5 43. Rb1 a3 44. Na6+ Kb6 45. Nb4 a2 46. Ra1 Ra8 47. Kd2 Kc5 48. Kc3 Ra3+ 49. Kb2 Kxb4 50. f4 Ra8 51. f5 Kc5 52. e6 Kd6 53. g4 h6 54. h4 Ke7 55. Rd1 Rd8 56. Ra1 Rd2+ 57. Kc3 Rg2 58. Rd1 Rg3+ 59. Kb4 Rxg4 60. Rd7+ Kf6 61. Rf7+ Ke5 62. Ra7 Bxe6+ 63. Kxb5 Kxf5 64. Rxa2 Bxa2 0-1

[Event "Scarborough CC Falling Leaves"]
[Site "Toronto CAN"]
[Date "2009.12.10"]
[Round "6"]
[White "Ferreira, Alex"]
[Black "Peng, Bill"]
[Result "1-0"]
[WhiteElo "2003"]
[BlackElo "2142"]
[PlyCount "94"]
[GameId "2160767910096059"]
[EventDate "2009.11.05"]
[EventType "swiss"]
[EventRounds "7"]
[EventCountry "CAN"]
[SourceTitle "EXT 2011"]
[Source "ChessBase"]
[SourceDate "2011.11.26"]
[SourceVersion "1"]
[SourceVersionDate "2011.11.26"]
[SourceQuality "1"]

1. e4 c5 2. Nf3 d6 3. d4 cxd4 4. Nxd4 Nf6 5. Nc3 a6 6. a4 e6 7. Be2 Be7 8. O-O Qc7 9. Kh1 Bd7 10. Be3 Nc6 11. f4 O-O 12. Qe1 Rfd8 13. Qg3 e5 14. fxe5 dxe5 15. Nf5 Bxf5 16. Rxf5 Nd4 17. Bxd4 Rxd4 18. Bd3 Qb6 19. Raf1 Rf8 20. Qxe5 Bd6 21. Rxf6 gxf6 22. Qxf6 Bc7 23. Qf5 Qe6 24. Qf2 Be5 25. Nd5 Rxa4 26. Qh4 Kh8 27. b3 Ra5 28. g3 Bg7 29. Rf6 Qe5 30. Rf5 Qe6 31. Kg2 Rc5 32. Rh5 h6 33. b4 Rc6 34. Ne7 Rb6 35. Nf5 Qf6 36. Qf4 Qg6 37. Rh4 Qf6 38. Qe3 Re6 39. Rf4 Qg6 40. h3 Bf6 41. Rg4 Bg5 42. Qc5 Rfe8 43. h4 Re5 44. Qd4 Qh5 45. Kh3 Bf6 46. Qf2 Rg8 47. Rxg8+ Kxg8 1-0

[Event "Scarborough CC Falling Leaves"]
[Site "Toronto CAN"]
[Date "2009.12.10"]
[Round "6"]
[White "Kurkowski, Ken"]
[Black "Mesiti, Silvano"]
[Result "0-1"]
[WhiteElo "1635"]
[BlackElo "1730"]
[PlyCount "84"]
[GameId "2160767910096060"]
[EventDate "2009.11.05"]
[EventType "swiss"]
[EventRounds "7"]
[EventCountry "CAN"]
[SourceTitle "EXT 2011"]
[Source "ChessBase"]
[SourceDate "2011.11.26"]
[SourceVersion "1"]
[SourceVersionDate "2011.11.26"]
[SourceQuality "1"]

1. d4 Nf6 2. c4 d5 3. Nf3 dxc4 4. e3 b5 5. a4 c6 6. axb5 cxb5 7. b3 e6 8. bxc4 Bb4+ 9. Bd2 Bxd2+ 10. Nbxd2 bxc4 11. Bxc4 O-O 12. O-O Bb7 13. Qb3 Bd5 14. Bxd5 Qxd5 15. Rfc1 Nbd7 16. Qxd5 Nxd5 17. Nc4 N7b6 18. Nxb6 axb6 19. h3 h6 20. Ne5 Rxa1 21. Rxa1 Rb8 22. Ra7 b5 23. Nd7 Rd8 24. Rb7 f5 25. Nc5 Rd6 26. Rxb5 Kf7 27. g3 Kg6 28. f4 Nxe3 29. Rb3 Nc2 30. Rd3 Rxd4 31. Rc3 Rd1+ 32. Kf2 Nd4 33. Re3 Kf7 34. g4 g6 35. Nd3 Kf6 36. Ne5 fxg4 37. hxg4 Rd2+ 38. Kg3 h5 39. Nd7+ Ke7 40. Ne5 Kf6 41. Nd7+ Kg7 42. gxh5 Nf5+ 0-1

[Event "Scarborough CC Falling Leaves"]
[Site "Toronto CAN"]
[Date "2009.12.10"]
[Round "6"]
[White "Manalo, Pepin"]
[Black "Jizan, Masoud"]
[Result "1/2-1/2"]
[WhiteElo "1829"]
[BlackElo "1743"]
[PlyCount "122"]
[GameId "2160767910096061"]
[EventDate "2009.11.05"]
[EventType "swiss"]
[EventRounds "7"]
[EventCountry "CAN"]
[SourceTitle "EXT 2011"]
[Source "ChessBase"]
[SourceDate "2011.11.26"]
[SourceVersion "1"]
[SourceVersionDate "2011.11.26"]
[SourceQuality "1"]

1. d4 Nf6 2. Nf3 e6 3. g3 d5 4. Bg2 Nc6 5. O-O Be7 6. Nbd2 O-O 7. c3 Re8 8. Qc2 b6 9. b4 Qd7 10. Bb2 a6 11. Rad1 Bb7 12. h3 Rad8 13. Ne5 Qc8 14. a3 Nd7 15. f4 Bd6 16. c4 Ne7 17. Nxd7 Qxd7 18. c5 Nf5 19. cxd6 Ne3 20. Qxc7 Qxc7 21. dxc7 Rc8 22. Rc1 Nxf1 23. Kxf1 Re7 24. Nf3 Rexc7 25. Rxc7 Rxc7 26. Ne1 a5 27. bxa5 bxa5 28. Kf2 Ba6 29. Ke3 Rb7 30. Bc1 Rb3+ 31. Kd2 Rxg3 32. e3 f5 33. Bb2 g5 34. fxg5 Rxg5 35. Bc3 a4 36. Bb4 Rg7 37. Bf3 Bb5 38. h4 Rg3 39. Bd6 Rg7 40. Kc3 Rg1 41. Kd2 Rg7 42. Bd1 Rd7 43. Bc5 Rg7 44. Nf3 h6 45. Bd6 Rb7 46. Bf4 Kg7 47. h5 Be8 48. Ne5 Rb2+ 49. Kc3 Rb1 50. Kc2 Rb3 51. Nd3 Rxa3 52. Nc5 Ra2+ 53. Kb1 Rd2 54. Kc1 Ra2 55. Nxe6+ Kh7 56. Kb1 Rd2 57. Kc1 a3 58. Bc2 a2 59. Kxd2 Bxh5 60. Bxf5+ Kg8 61. Nc5 a1=Q 1/2-1/2

[Event "Scarborough CC Falling Leaves"]
[Site "Toronto CAN"]
[Date "2009.12.10"]
[Round "6"]
[White "Moffat, Andrei"]
[Black "Yuan, Yuanling"]
[Result "0-1"]
[WhiteElo "2234"]
[BlackElo "2304"]
[PlyCount "40"]
[GameId "2160767910096062"]
[EventDate "2009.11.05"]
[EventType "swiss"]
[EventRounds "7"]
[EventCountry "CAN"]
[SourceTitle "EXT 2011"]
[Source "ChessBase"]
[SourceDate "2011.11.26"]
[SourceVersion "1"]
[SourceVersionDate "2011.11.26"]
[SourceQuality "1"]

1. d4 Nf6 2. c4 g6 3. Nc3 Bg7 4. e4 d6 5. Nge2 O-O 6. Ng3 e5 7. d5 a5 8. Be2 Na6 9. h4 Nc5 10. h5 Bd7 11. Be3 c6 12. a4 Qb6 13. Ra3 cxd5 14. cxd5 Rac8 15. Qd2 Ng4 16. Bxg4 Bxg4 17. Bh6 Bxh6 18. Qxh6 Nd3+ 19. Kd2 Nxf2 20. Nb5 Nxh1 0-1

[Event "Scarborough CC Falling Leaves"]
[Site "Toronto CAN"]
[Date "2009.12.10"]
[Round "6"]
[White "Moran-Venegas, Mario"]
[Black "Bao, Stephen"]
[Result "1-0"]
[WhiteElo "1718"]
[BlackElo "1524"]
[PlyCount "142"]
[GameId "2160767910096063"]
[EventDate "2009.11.05"]
[EventType "swiss"]
[EventRounds "7"]
[EventCountry "CAN"]
[SourceTitle "EXT 2011"]
[Source "ChessBase"]
[SourceDate "2011.11.26"]
[SourceVersion "1"]
[SourceVersionDate "2011.11.26"]
[SourceQuality "1"]

1. e4 c5 2. Nf3 d6 3. d4 cxd4 4. Nxd4 Nf6 5. Nc3 a6 6. Be3 Ng4 7. Bg5 h6 8. Bh4 Nc6 9. h3 Nge5 10. Nb3 Ng6 11. Bg3 e6 12. Be2 Be7 13. O-O O-O 14. a4 b6 15. Nd2 Nd4 16. Nc4 Nxe2+ 17. Nxe2 e5 18. Nc3 Be6 19. Ne3 Bg5 20. Ned5 f5 21. f3 f4 22. Bf2 Rb8 23. Qd3 a5 24. Nb5 Bh4 25. Nbc7 Bxf2+ 26. Rxf2 Bc8 27. Qc4 Rf7 28. Nb5 Be6 29. Rd1 Rc8 30. Qd3 Rd7 31. b3 Rc5 32. c4 Bxd5 33. cxd5 Qc8 34. Rdd2 Kf7 35. Rc2 Ke7 36. Rxc5 Qxc5 37. Kf1 Qc1+ 38. Ke2 Rd8 39. Na7 Kf6 40. Nc6 Rc8 41. Qd2 Qc5 42. Rf1 Qa3 43. Rb1 Ne7 44. Na7 Rd8 45. Nb5 Qb4 46. Qxb4 axb4 47. Rc1 Rc8 48. Rxc8 Nxc8 49. Nc7 b5 50. Nxb5 Ke7 51. a5 Kd7 52. a6 Nb6 53. a7 g6 54. Kd3 g5 55. Kd2 Na8 56. Kd3 Nb6 57. a8=Q Nxa8 58. Kc4 Nc7 59. Kxb4 Na6+ 60. Kc4 Nc5 61. Nc3 Nb7 62. Na4 Kc7 63. Kb5 Nd8 64. Nb6 Kb7 65. Nd7 Kc7 66. Nf6 Kb7 67. Ne8 Nf7 68. Ka5 h5 69. b4 Ka7 70. Kb5 Kb7 71. Ka5 Ka7 1-0

[Event "Scarborough CC Falling Leaves"]
[Site "Toronto CAN"]
[Date "2009.12.10"]
[Round "6"]
[White "Moysoski, Randy"]
[Black "Mahoney, Ian"]
[Result "1-0"]
[WhiteElo "1958"]
[BlackElo "1494"]
[PlyCount "51"]
[GameId "2160767910096064"]
[EventDate "2009.11.05"]
[EventType "swiss"]
[EventRounds "7"]
[EventCountry "CAN"]
[SourceTitle "EXT 2011"]
[Source "ChessBase"]
[SourceDate "2011.11.26"]
[SourceVersion "1"]
[SourceVersionDate "2011.11.26"]
[SourceQuality "1"]

1. e4 c5 2. Nc3 g6 3. g3 Bg7 4. Bg2 Nc6 5. d3 Nf6 6. Be3 d6 7. Nh3 Ng4 8. Bd2 O-O 9. f3 Nf6 10. Be3 d5 11. Bg5 d4 12. Ne2 e5 13. O-O Qc7 14. Qd2 b5 15. a4 Ba6 16. Nf2 b4 17. b3 Na5 18. f4 Nd7 19. Bh3 c4 20. bxc4 Nc5 21. Qxb4 Rab8 22. Qa3 Bxc4 23. fxe5 Be6 24. Bxe6 Nxe6 25. Be7 Qxc2 26. Ra2 1-0

[Event "Scarborough CC Falling Leaves"]
[Site "Toronto CAN"]
[Date "2009.12.10"]
[Round "6"]
[White "Pedersen, Rune"]
[Black "Picana, Andrew"]
[Result "1-0"]
[WhiteElo "2383"]
[BlackElo "2086"]
[PlyCount "51"]
[GameId "2160767910096065"]
[EventDate "2009.11.05"]
[EventType "swiss"]
[EventRounds "7"]
[EventCountry "CAN"]
[SourceTitle "EXT 2011"]
[Source "ChessBase"]
[SourceDate "2011.11.26"]
[SourceVersion "1"]
[SourceVersionDate "2011.11.26"]
[SourceQuality "1"]

1. e4 e6 2. d4 d5 3. Nc3 Bb4 4. e5 c5 5. Bd2 Ne7 6. Nb5 O-O 7. c3 Ba5 8. dxc5 Nbc6 9. b4 Bc7 10. f4 Bb8 11. Nf3 f6 12. Nd6 b6 13. b5 Na5 14. Nxc8 Qxc8 15. c6 Bc7 16. Bd3 a6 17. a4 Nc4 18. O-O axb5 19. exf6 Rxf6 20. axb5 Rxa1 21. Qxa1 Bxf4 22. Bxf4 Rxf4 23. Ng5 Rf5 24. Bxf5 Nxf5 25. Qa7 Nfd6 26. Qd7 1-0

[Event "Scarborough CC Falling Leaves"]
[Site "Toronto CAN"]
[Date "2009.12.10"]
[Round "6"]
[White "Southam, David"]
[Black "Maister, Martin"]
[Result "1-0"]
[WhiteElo "2163"]
[BlackElo "1880"]
[PlyCount "51"]
[GameId "2160767910096066"]
[EventDate "2009.11.05"]
[EventType "swiss"]
[EventRounds "7"]
[EventCountry "CAN"]
[SourceTitle "EXT 2011"]
[Source "ChessBase"]
[SourceDate "2011.11.26"]
[SourceVersion "1"]
[SourceVersionDate "2011.11.26"]
[SourceQuality "1"]

1. d4 Nf6 2. Nc3 d5 3. Bg5 h6 4. Bxf6 exf6 5. Qd3 c6 6. O-O-O Bd6 7. e4 Bg4 8. Be2 Bxe2 9. Ngxe2 dxe4 10. Nxe4 O-O 11. g4 Na6 12. h4 Nb4 13. Qb3 Re8 14. f3 a5 15. a3 a4 16. Qe3 Nd5 17. Qd3 b5 18. c3 Qe7 19. Kb1 Nf4 20. Nxf4 Bxf4 21. Rdg1 Rad8 22. g5 f5 23. Nf6+ gxf6 24. gxf6+ Kh8 25. fxe7 Rxe7 26. Qxf5 1-0

[Event "Scarborough CC Falling Leaves"]
[Site "Toronto CAN"]
[Date "2009.12.10"]
[Round "6"]
[White "Takov, Chris"]
[Black "Radpey, Abdolreza"]
[Result "1-0"]
[WhiteElo "1792"]
[BlackElo "1508"]
[PlyCount "68"]
[GameId "2160767910096067"]
[EventDate "2009.11.05"]
[EventType "swiss"]
[EventRounds "7"]
[EventCountry "CAN"]
[SourceTitle "EXT 2011"]
[Source "ChessBase"]
[SourceDate "2011.11.26"]
[SourceVersion "1"]
[SourceVersionDate "2011.11.26"]
[SourceQuality "1"]

1. d4 g6 2. c4 Bg7 3. g3 e6 4. Nc3 Nf6 5. Bg2 O-O 6. e4 d6 7. Nge2 e5 8. d5 Bg4 9. O-O Qc8 10. f4 Bh3 11. Rf2 Bxg2 12. Rxg2 Qh3 13. Kh1 Ng4 14. Ng1 Qh5 15. Qf3 f5 16. Bd2 Nd7 17. Rf1 Nc5 18. b4 fxe4 19. Nxe4 Nxe4 20. Qxe4 Nf6 21. Qe2 Rae8 22. Qxh5 Nxh5 23. Ne2 exf4 24. Nxf4 Be5 25. Rgf2 Nxf4 26. Bxf4 Bd4 27. Rf3 Rf5 28. Bh6 Bg7 29. Rxf5 gxf5 30. Bxg7 Kxg7 31. Rxf5 b6 32. b5 Kg6 33. Rf1 Kg7 34. Rc1 Kf6 1-0

[Event "Scarborough CC Falling Leaves"]
[Site "Toronto CAN"]
[Date "2009.12.10"]
[Round "6"]
[White "Ugodnikov, Arkadiy"]
[Black "Ward, Dean"]
[Result "1-0"]
[WhiteElo "1818"]
[BlackElo "1766"]
[PlyCount "121"]
[GameId "2160767910096068"]
[EventDate "2009.11.05"]
[EventType "swiss"]
[EventRounds "7"]
[EventCountry "CAN"]
[SourceTitle "EXT 2011"]
[Source "ChessBase"]
[SourceDate "2011.11.26"]
[SourceVersion "1"]
[SourceVersionDate "2011.11.26"]
[SourceQuality "1"]

1. e4 c5 2. Nf3 d6 3. Bb5+ Bd7 4. Bxd7+ Nxd7 5. O-O g6 6. c3 Ngf6 7. Re1 Bg7 8. d4 O-O 9. Bg5 Qb6 10. Qd2 Rfd8 11. Na3 Rac8 12. Rac1 Nf8 13. d5 e6 14. Rcd1 exd5 15. exd5 Re8 16. Nc4 Rxe1+ 17. Rxe1 Qa6 18. Na3 N8d7 19. c4 Nb6 20. Qc2 Re8 21. Nb5 Rxe1+ 22. Nxe1 Nbxd5 23. Qd3 Nb4 24. Qxd6 Qxd6 25. Nxd6 Nxa2 26. Nxb7 Ne4 27. Be3 Bxb2 28. Nxc5 Nxc5 29. Bxc5 Bc3 30. Nd3 a5 31. Ba3 Nb4 32. Nc5 Nc2 33. Bc1 Kf8 34. Kf1 Ke7 35. Na4 Bb4 36. Ke2 Ke6 37. Bb2 Kf5 38. g3 Kg4 39. h4 f5 40. Be5 Na3 41. c5 Nc4 42. c6 Nd6 43. Nb6 Bc5 44. c7 Bxb6 45. Bxd6 Bxc7 46. Bxc7 a4 47. Bd6 Kh3 48. Kf3 Kh2 49. Kf4 Kg2 50. f3 Kf2 51. g4 fxg4 52. fxg4 Ke2 53. h5 gxh5 54. gxh5 Kd3 55. Kg5 Ke4 56. Ba3 Ke5 57. Bb2+ Ke6 58. Kh6 Kf7 59. Kxh7 Kf8 60. Kg6 Kg8 61. h6 1-0

[Event "Scarborough CC Falling Leaves"]
[Site "Toronto CAN"]
[Date "2009.12.10"]
[Round "6"]
[White "Verde, Pino"]
[Black "Wu, Kevin"]
[Result "1/2-1/2"]
[WhiteElo "1830"]
[BlackElo "1930"]
[PlyCount "73"]
[GameId "2160767910096069"]
[EventDate "2009.11.05"]
[EventType "swiss"]
[EventRounds "7"]
[EventCountry "CAN"]
[SourceTitle "EXT 2011"]
[Source "ChessBase"]
[SourceDate "2011.11.26"]
[SourceVersion "1"]
[SourceVersionDate "2011.11.26"]
[SourceQuality "1"]

1. e4 c5 2. Nf3 d6 3. d4 cxd4 4. Nxd4 Nf6 5. Nc3 g6 6. f3 Bg7 7. Be3 O-O 8. Qd2 Nc6 9. Be2 a6 10. Nxc6 bxc6 11. Bh6 Be6 12. Bxg7 Kxg7 13. g4 Qa5 14. h4 Rab8 15. b3 Qc5 16. Rd1 h5 17. g5 Nd7 18. Qd4+ Qxd4 19. Rxd4 Ra8 20. f4 Nb6 21. Na4 c5 22. Nxb6 Rab8 23. Ra4 Rxb6 24. Kf2 Ra8 25. a3 a5 26. Rb1 Bd7 27. Rc4 Bb5 28. Rc3 Bxe2 29. Kxe2 a4 30. Kd3 e6 31. Ra1 Rba6 32. b4 cxb4 33. axb4 Rb6 34. Rca3 Rxb4 35. c3 Rb2 36. R1a2 Rb1 37. Ra1 1/2-1/2

[Event "Scarborough CC Falling Leaves"]
[Site "Toronto CAN"]
[Date "2009.12.10"]
[Round "6"]
[White "Wu, Kevin"]
[Black "Southam, David"]
[Result "1/2-1/2"]
[WhiteElo "1930"]
[BlackElo "2163"]
[PlyCount "53"]
[GameId "2160767910096070"]
[EventDate "2009.11.05"]
[EventType "swiss"]
[EventRounds "7"]
[EventCountry "CAN"]
[SourceTitle "EXT 2011"]
[Source "ChessBase"]
[SourceDate "2011.11.26"]
[SourceVersion "1"]
[SourceVersionDate "2011.11.26"]
[SourceQuality "1"]

1. e4 c5 2. Nf3 e6 3. d4 cxd4 4. Nxd4 Nc6 5. Nxc6 bxc6 6. Bd3 d5 7. O-O Nf6 8. Bg5 Be7 9. Nd2 O-O 10. Qe2 Bb7 11. e5 Nd7 12. Bxe7 Qxe7 13. c3 Nc5 14. f4 a5 15. Rf3 Nxd3 16. Qxd3 f5 17. Rh3 Ba6 18. Qg3 Rf7 19. Nf3 g6 20. Ng5 Rg7 21. Re1 a4 22. Rh6 Rb8 23. Qf2 Bc8 24. Kh1 Qa7 25. Qh4 Qe7 26. Qf2 Qa7 27. Qh4 1/2-1/2

[Event "Scarborough CC Falling Leaves"]
[Site "Toronto CAN"]
[Date "2009.12.17"]
[Round "7"]
[White "Hall, John2"]
[Black "Southam, David"]
[Result "1/2-1/2"]
[WhiteElo "2270"]
[BlackElo "2163"]
[PlyCount "42"]
[GameId "2160767910096071"]
[EventDate "2009.11.05"]
[EventType "swiss"]
[EventRounds "7"]
[EventCountry "CAN"]
[SourceTitle "EXT 2011"]
[Source "ChessBase"]
[SourceDate "2011.11.26"]
[SourceVersion "1"]
[SourceVersionDate "2011.11.26"]
[SourceQuality "1"]

1. d4 Nf6 2. Nf3 e6 3. c4 c5 4. d5 b5 5. dxe6 fxe6 6. cxb5 Bb7 7. Bf4 d5 8. g3 Bd6 9. Bxd6 Qxd6 10. Bg2 O-O 11. O-O e5 12. Nfd2 Nbd7 13. e4 d4 14. Nc4 Qe6 15. Nbd2 Nb6 16. b3 a6 17. Nxb6 Qxb6 18. Nc4 Qxb5 19. Nd6 Qd7 20. Nxb7 Qxb7 21. Qc2 Rac8 1/2-1/2

[Event "Scarborough CC Falling Leaves"]
[Site "Toronto CAN"]
[Date "2009.12.17"]
[Round "7"]
[White "Lamb, Bryan"]
[Black "Moysoski, Randy"]
[Result "1/2-1/2"]
[WhiteElo "2222"]
[BlackElo "1958"]
[PlyCount "66"]
[GameId "2160767910096072"]
[EventDate "2009.11.05"]
[EventType "swiss"]
[EventRounds "7"]
[EventCountry "CAN"]
[SourceTitle "EXT 2011"]
[Source "ChessBase"]
[SourceDate "2011.11.26"]
[SourceVersion "1"]
[SourceVersionDate "2011.11.26"]
[SourceQuality "1"]

1. c4 e5 2. g3 Bc5 3. Bg2 d6 4. e3 Nc6 5. Nc3 a6 6. h3 Be6 7. Nd5 Nf6 8. Ne2 Bf5 9. d3 Nxd5 10. cxd5 Ne7 11. O-O Qd7 12. Kh2 Ba7 13. f4 h6 14. g4 Bh7 15. Qb3 Qb5 16. Qxb5+ axb5 17. f5 f6 18. Bd2 Bg8 19. Nc3 c6 20. dxc6 bxc6 21. Nxb5 Bb8 22. b3 d5 23. Nc3 Bf7 24. Kg1 O-O 25. Na4 Bd6 26. Rfc1 Rfb8 27. Kf2 g5 28. d4 Ba3 29. Rc2 e4 30. Bf1 Kg7 31. Be2 h5 32. Bc1 Bd6 33. Bb2 hxg4 1/2-1/2

[Event "Scarborough CC Falling Leaves"]
[Site "Toronto CAN"]
[Date "2009.12.17"]
[Round "7"]
[White "Lin, Tony (Juntao)"]
[Black "Garel, Rick"]
[Result "0-1"]
[WhiteElo "1652"]
[BlackElo "1940"]
[PlyCount "124"]
[GameId "2160767910096073"]
[EventDate "2009.11.05"]
[EventType "swiss"]
[EventRounds "7"]
[EventCountry "CAN"]

1. e4 e6 2. d4 d5 3. exd5 exd5 4. Nf3 Bd6 5. Bd3 Bg4 6. h3 Bh5 7. O-O Ne7 8. c4 c6 9. Re1 dxc4 10. Bxc4 O-O 11. Bg5 Qc7 12. Nbd2 Nd5 13. Rc1 Qb6 14. Qb3 Qxb3 15. Bxb3 Nd7 16. a3 f6 17. Bxd5+ cxd5 18. Bh4 Rfe8 19. Bg3 Bxg3 20. fxg3 Nb6 21. Rxe8+ Bxe8 22. b3 Rc8 23. Rxc8 Nxc8 24. Nf1 Kf7 25. Ne3 Ke6 26. Ne1 Bg6 27. Nf3 Nd6 28. g4 Be4 29. Nd2 Nb5 30. Nxe4 dxe4 31. d5+ Kd6 32. a4 Nc3 33. Nf5+ Kxd5 34. Nxg7 Kd4 35. Nf5+ Kd3 36. Kf2 Nd5 37. Ng3 e3+ 38. Kf3 Nc3 39. Nh5 e2 40. Nf4+ Kd2 41. Nxe2 Nxe2 42. Ke4 Nc3+ 43. Kf5 Nd5 44. Ke6 Nf4+ 45. Kxf6 Nxg2 46. Kg7 Nf4 47. h4 h5 48. g5 Ng2 49. Kh6 Nxh4 50. Kxh5 Nf5 51. Kg6 Nd6 52. Kh7 Ke3 53. g6 Nf5 54. b4 Ke4 55. b5 b6 56. Kg8 Ne7+ 57. Kf7 Nxg6 58. Kxg6 Kd5 59. Kf5 Kc4 60. Ke5 Kb4 61. Kd5 Kxa4 62. Kc6 Kb4 0-1

[Event "Scarborough CC Falling Leaves"]
[Site "Toronto CAN"]
[Date "2009.12.17"]
[Round "7"]
[White "Mahoney, Ian"]
[Black "Bzikot, Robert"]
[Result "0-1"]
[WhiteElo "1494"]
[BlackElo "2003"]
[PlyCount "40"]
[GameId "2160767910096074"]
[EventDate "2009.11.05"]
[EventType "swiss"]
[EventRounds "7"]
[EventCountry "CAN"]
[SourceTitle "EXT 2011"]
[Source "ChessBase"]
[SourceDate "2011.11.26"]
[SourceVersion "1"]
[SourceVersionDate "2011.11.26"]
[SourceQuality "1"]

1. e4 d6 2. d4 Nf6 3. Nc3 g6 4. Be3 c6 5. Qd2 Nbd7 6. O-O-O Qc7 7. Be2 c5 8. dxc5 Nxc5 9. e5 Nfd7 10. Nd5 Qb8 11. exd6 Qxd6 12. Bb5 Bg7 13. Bxc5 Qxc5 14. Nf6+ Bxf6 15. Bxd7+ Kf8 16. Nf3 Kg7 17. h4 Rd8 18. h5 Rxd7 19. Qf4 Rxd1+ 20. Kxd1 Qd6+ 0-1

[Event "Scarborough CC Falling Leaves"]
[Site "Toronto CAN"]
[Date "2009.12.17"]
[Round "7"]
[White "Marcille, Gord"]
[Black "Ward, Dean"]
[Result "1-0"]
[WhiteElo "1842"]
[BlackElo "1766"]
[PlyCount "51"]
[GameId "2160767910096075"]
[EventDate "2009.11.05"]
[EventType "swiss"]
[EventRounds "7"]
[EventCountry "CAN"]
[SourceTitle "EXT 2011"]
[Source "ChessBase"]
[SourceDate "2011.11.26"]
[SourceVersion "1"]
[SourceVersionDate "2011.11.26"]
[SourceQuality "1"]

1. e4 c5 2. Nc3 d6 3. Nf3 a6 4. d4 cxd4 5. Nxd4 h6 6. Bc4 e6 7. O-O b5 8. Bd3 Bb7 9. f4 Nd7 10. Nxe6 Qb6+ 11. Kh1 fxe6 12. Qh5+ Kd8 13. e5 d5 14. f5 Nxe5 15. fxe6 Bd6 16. Bg5+ Ne7 17. Bxe7+ Kxe7 18. Rf7+ Kd8 19. Rxg7 Nxd3 20. cxd3 d4 21. Nd5 Bxd5 22. Qxd5 Ra7 23. Rxa7 Qxa7 24. Qxd6+ Ke8 25. Rc1 Qa8 26. Qd7+ 1-0

[Event "Scarborough CC Falling Leaves"]
[Site "Toronto CAN"]
[Date "2009.12.17"]
[Round "7"]
[White "Mesiti, Silvano"]
[Black "Conte, Michael"]
[Result "0-1"]
[WhiteElo "1730"]
[BlackElo "1802"]
[PlyCount "83"]
[GameId "2160767910096076"]
[EventDate "2009.11.05"]
[EventType "swiss"]
[EventRounds "7"]
[EventCountry "CAN"]
[SourceTitle "EXT 2011"]
[Source "ChessBase"]
[SourceDate "2011.11.26"]
[SourceVersion "1"]
[SourceVersionDate "2011.11.26"]
[SourceQuality "1"]

1. e4 c6 2. Nf3 d5 3. exd5 cxd5 4. d4 Nf6 5. Nc3 a6 6. Bd3 Nc6 7. O-O g6 8. Bf4 Bg7 9. Re1 O-O 10. Be2 b5 11. a3 Bb7 12. Ne5 Nxd4 13. Qxd4 Nd7 14. Bg3 Nxe5 15. Bxe5 f6 16. Bg3 e5 17. Qb4 f5 18. f3 e4 19. Rad1 f4 20. Bxf4 Rxf4 21. fxe4 Bxc3 22. Qxc3 Rxe4 23. Bf3 Rxe1+ 24. Qxe1 Qb6+ 25. Kh1 Rd8 26. c3 Qf6 27. Qf2 Rf8 28. Qe2 Kg7 29. h3 Rd8 30. Re1 Rd7 31. Qe8 Rf7 32. Qe3 d4 33. cxd4 Bxf3 34. gxf3 Qxf3+ 35. Qxf3 Rxf3 36. Rd1 Rxh3+ 37. Kg2 Re3 38. Kf2 Re6 39. d5 Rd6 40. Ke3 Kf6 41. Kd4 h5 42. Re1 0-1

[Event "Scarborough CC Falling Leaves"]
[Site "Toronto CAN"]
[Date "2009.12.17"]
[Round "7"]
[White "Paterson, Jim"]
[Black "Verde, Pino"]
[Result "1-0"]
[WhiteElo "1826"]
[BlackElo "1830"]
[PlyCount "59"]
[GameId "2160767910096077"]
[EventDate "2009.11.05"]
[EventType "swiss"]
[EventRounds "7"]
[EventCountry "CAN"]
[SourceTitle "EXT 2011"]
[Source "ChessBase"]
[SourceDate "2011.11.26"]
[SourceVersion "1"]
[SourceVersionDate "2011.11.26"]
[SourceQuality "1"]

1. d4 Nf6 2. Nf3 d6 3. c4 Nbd7 4. Nc3 e5 5. e4 Be7 6. Be2 c6 7. O-O Qc7 8. h3 Nf8 9. Be3 Ng6 10. Qd2 h6 11. d5 Bd7 12. Rac1 Nh5 13. Rfd1 Nhf4 14. Bf1 Qc8 15. Kh2 h5 16. b4 Bg4 17. c5 Nxh3 18. dxc6 bxc6 19. cxd6 Bxf3 20. gxf3 Qd8 21. Bxh3 Nh4 22. dxe7 Qxd2 23. Bxd2 Nxf3+ 24. Kg3 Nxd2 25. Rxd2 Kxe7 26. Rd7+ Kf6 27. Rcd1 g5 28. R1d6+ Kg7 29. Bf5 h4+ 30. Kh2 1-0

[Event "Scarborough CC Falling Leaves"]
[Site "Toronto CAN"]
[Date "2009.12.17"]
[Round "7"]
[White "Pedersen, Rune"]
[Black "Moffat, Andrei"]
[Result "1/2-1/2"]
[WhiteElo "2383"]
[BlackElo "2234"]
[PlyCount "59"]
[GameId "2160767910096078"]
[EventDate "2009.11.05"]
[EventType "swiss"]
[EventRounds "7"]
[EventCountry "CAN"]
[SourceTitle "EXT 2011"]
[Source "ChessBase"]
[SourceDate "2011.11.26"]
[SourceVersion "1"]
[SourceVersionDate "2011.11.26"]
[SourceQuality "1"]

1. e4 c5 2. Nf3 d6 3. d4 cxd4 4. Nxd4 Nf6 5. Nc3 Nc6 6. Bg5 Bd7 7. Qd2 Rc8 8. O-O-O Nxd4 9. Qxd4 Qa5 10. f4 e6 11. e5 dxe5 12. fxe5 Bc5 13. Qd2 Nd5 14. Nxd5 Qxd2+ 15. Rxd2 exd5 16. Rxd5 h6 17. Bd2 Be6 18. Bb5+ Ke7 19. Rxc5 Rxc5 20. Bb4 Rhc8 21. Re1 a5 22. Bxc5+ Rxc5 23. a4 Bf5 24. c3 Ke6 25. Re3 Rxe5 26. Bc4+ Kd6 27. Rxe5 Kxe5 28. Bxf7 Be4 29. g3 Bc6 30. Bg6 1/2-1/2